| 000 | 00654cam a22002531 4500 | ||
|---|---|---|---|
| 001 | 6513794 | ||
| 003 | GBCCL | ||
| 005 | 20241126110432.0 | ||
| 008 | 730411s1954 nyu 000 0 eng | ||
| 010 | _a 54008965 | ||
| 035 | _a(OCoLC)601598 | ||
| 040 |
_aDLC _cOUrC _dOCoLC _dDLC |
||
| 042 | _apremarc | ||
| 050 | 0 | 0 |
_aGT4985 _b.K68 |
| 082 |
_a263.915 _bKRY |
||
| 100 | 1 |
_aKrythe, Maymie Richardson. _95411 |
|
| 245 | 1 | 0 | _aAll about Christmas. |
| 250 | _a[1st ed.] | ||
| 260 |
_aNew York, _bHarper _c[1954] |
||
| 300 |
_a211 p. _c22 cm. |
||
| 650 | 0 |
_aChristmas. _95407 |
|
| 906 |
_a7 _bcbc _coclcrpl _du _encip _f19 _gy-gencatlg |
||
| 942 |
_2ddc _cBK _01 |
||
| 999 |
_c2581 _d2581 |
||